| 000 | 03442nam0a2200457 4500 | ||
|---|---|---|---|
| 001 | RU\NLR\BIBL_A\011527369 | ||
| 005 | 20250630155310.0 | ||
| 020 |
_aRU _b9699 _9Сводный каталог листовок первых лет Советской власти (25 октября (7 ноября) 1917 - 1925) Т.4 (Ч.2). Листовки советских, партийных, профсоюзных, комсомольских и других организаций губерний РСФСР |
||
| 035 | _a(NLR Aleph) 011527369 | ||
| 090 |
_a12127555 _c12127555 |
||
| 100 | _a20171116d1921 |||y0rusy50 ca | ||
| 101 | 0 | _arus | |
| 102 | _aRU | ||
| 105 | _ay z 000zy | ||
| 135 | _acrcn 024anaba | ||
| 200 | 1 |
_aБоевой приказ-инструкция № 30 Рузаевского упродкома от 6 октября 1921 г. всем старшим налоговым инспекторам, полит-помощникам, волисполкомам, волпродинспекторам, сельсоветам и всем продработникам Рузаевского уезда: [Об установлении строгого контроля при сдаче продуктов и сырья в заготконторы _eлистовка _fРузаевский район. продовольственный комитет] |
|
| 210 |
_aРузаевка _cТип. Рузаев. усовнархоза _d[1921, окт.] |
||
| 215 |
_a1 с. в 2 стб. _d31х22 |
||
| 300 | _aПодписи: предуисполкома Шабарин; за упродкомиссара Ларичев; упродзаг. Обухов | ||
| 325 | _aКопия доступна в Электрон. б-ке РНБ | ||
| 517 | 1 | _aОб установлении строгого контроля при сдаче продуктов и сырья в заготконторы | |
| 607 |
_aРСФСР _jЛистовки _xПолитика и управление _y1917 - 1925 _92312782 _3RU\NLR\auth\6601609564 |
||
| 686 | 0 | _aТ3(2)71-313,011 | |
| 686 | 0 | _aТ3(2Р-6Мо-2Р)712.9-203,011 | |
| 702 | 1 |
_7ca _8rus _aШарабин _cучастник установления советской власти, Рузаевский уезд _9190407 _3RU\NLR\AUTH\770190458 |
|
| 702 | 1 |
_4720 _7ca _8rus _aЛаричев _cучастник установления советской власти, Рузаевский уезд _9193249 _3RU\NLR\AUTH\770193300 |
|
| 702 | 1 |
_4720 _7ca _8rus _aОбухов _cучастник установления советской власти, Рузаевский уезд _9193252 _3RU\NLR\AUTH\770193303 |
|
| 710 | 0 | 2 |
_aРузаевский районный продовольственный комитет _9594836 _3RU\NLR\AUTH\880466362 |
| 711 | 0 | 2 |
_aРузаевский уездный исполнительный комитет Советов _9457645 _3RU\NLR\AUTH\880395670 |
| 852 | 0 | 0 |
_aNLR _bФЛ _j45/19 |
| 856 | 0 | _uhttps://vivaldi.nlr.ru/ll700000944/view | |
| 856 | 1 | _uhttps://vivaldi.nlr.ru/ll700000944/cover | |
| 856 | 2 | _uhttps://vivaldi.nlr.ru/ll700000944/text | |
| 942 | _cBOOK | ||
| 980 | _aNB | ||
| 981 | 2 | 1 |
_a(21) Листовки _b(21) Листовки 1921 года |